[Event "Bodensee op Seniors 6th"]
[Site "Bregenz"]
[Date "2022.05.24"]
[Round "3"]
[White "Alvarez, Luis"]
[Black "Vilerte, Tamara"]
[Result "0-1"]
[WhiteElo "1760"]
[BlackElo "1975"]
[PlyCount "136"]
[EventDate "2022.05.22"]
[EventType "swiss"]
[EventRounds "7"]
[EventCountry "AUT"]
[SourceTitle "CBM 208 Extra"]
[Source "ChessBase"]
[SourceDate "2022.07.31"]
[SourceVersion "1"]
[SourceVersionDate "2022.07.31"]
[SourceQuality "1"]

1. e4 c5 2. Nf3 d6 3. d4 cxd4 4. Nxd4 Nf6 5. Nc3 g6 6. Be2 Bg7 7. Be3 a6 8. 0-0 0-0 9. Qd2 Nc6 10. f3 Bd7 11. Rad1 Nxd4 12. Bxd4 Bc6 13. Be3 Qc7 14. Kh1 Rfe8 15. Rfe1 Rad8 16. Nd5 Bxd5 17. exd5 Rc8 18. c4 a5 19. b3 Rb8 20. Rc1 b6 21. Bd3 Nd7 22. a3 Nc5 23. Rb1 Ra8 24. Be2 Ra7 25. Rec1 Rea8 26. Bd4 Bxd4 27. Qxd4 Nd7 28. h3 Qc5 29. Qxc5 bxc5 30. b4 cxb4 31. axb4 axb4 32. Rxb4 Nc5 33. Rcb1 Ra2 34. R4b2 Rxb2 35. Rxb2 Kg7 36. Kg1 Kf6 37. Bf1 h5 38. Kf2 h4 39. g3 g5 40. g4 Ra3 41. Rd2 Rc3 42. Ra2 Nd7 43. Be2 Ne5 44. Ra4 Ng6 45. Ra2 Ke5 46. Rd2 Nf4 47. Bf1 e6 48. dxe6 fxe6 49. Ra2 d5 50. cxd5 exd5 51. Ra5 Rc2+ 52. Kg1 Rd2 53. Ra8 Ne6 54. Re8 Kd6 55. Rg8 Kc5 56. Rg6 Kd6 57. Rf6 Ke7 58. Rf5 Nd4 59. Re5+ Kd6 60. Re3 Nc6 61. Rd3 Rxd3 62. Bxd3 Ke5 63. Kf2 Kf4 64. Ba6 Ne5 65. Bb7 d4 66. Be4 d3 67. Bd5 d2 68. Ke2 Nxf3 0-1

[Event "San Sebastian Gros op 29th"]
[Site "San Sebastian"]
[Date "2019.06.28"]
[Round "9"]
[White "Soto, Miguel Angel"]
[Black "Vilerte, Tamara"]
[Result "1-0"]
[WhiteElo "2217"]
[BlackElo "1963"]
[PlyCount "59"]
[EventDate "2019.06.21"]
[EventType "swiss"]
[EventRounds "9"]
[EventCountry "ESP"]
[SourceTitle "EXT 2020"]
[Source "ChessBase"]
[SourceDate "2019.10.17"]
[SourceVersion "1"]
[SourceVersionDate "2019.10.17"]
[SourceQuality "1"]

1. e4 c5 2. Nf3 d6 3. d4 cxd4 4. Nxd4 a6 5. Nc3 g6 6. Be3 Bg7 7. Qd2 Nf6 8. Bh6 0-0 9. 0-0-0 b5 10. f3 Bb7 11. h4 Nbd7 12. h5 Ne5 13. hxg6 Bh8 14. g7 Bxg7 15. Bxg7 Kxg7 16. Qh6+ Kh8 17. g4 Rg8 18. g5 Rg6 19. Qh4 Qg8 20. gxf6 Rxf6 21. Nd5 Bxd5 22. exd5 Ng6 23. Qh2 Ne5 24. Bd3 Nxd3+ 25. Rxd3 Qg5+ 26. Kb1 h6 27. Nc6 Rg6 28. f4 Qf6 29. f5 Rg5 30. Rh3 1-0

[Event "San Sebastian Gros op 29th"]
[Site "San Sebastian"]
[Date "2019.06.23"]
[Round "3"]
[White "Vilerte, Tamara"]
[Black "Martinez Adarraga, Inko"]
[Result "1/2-1/2"]
[WhiteElo "1963"]
[BlackElo "1555"]
[PlyCount "62"]
[EventDate "2019.06.21"]
[EventType "swiss"]
[EventRounds "9"]
[EventCountry "ESP"]
[SourceTitle "EXT 2020"]
[Source "ChessBase"]
[SourceDate "2019.10.17"]
[SourceVersion "1"]
[SourceVersionDate "2019.10.17"]
[SourceQuality "1"]

1. e4 c5 2. Nc3 a6 3. g3 b5 4. Bg2 Bb7 5. d3 e6 6. Nh3 Nf6 7. 0-0 d6 8. f4 Be7 9. e5 Bxg2 10. Kxg2 Nfd7 11. Qg4 g6 12. exd6 Bxd6 13. f5 gxf5 14. Qe2 Nc6 15. Bg5 Be7 16. Qh5 Nf6 17. Qh4 Ne5 18. Qf4 Ng6 19. Qf3 Ne5 20. Qe2 Nc6 21. Rae1 b4 22. Bxf6 Bxf6 23. Na4 Nd4 24. Qf2 Qd5+ 25. Kg1 Qc6 26. b3 0-0 27. Nf4 Nb5 28. Qg2 Bd4+ 29. Kh1 Qxg2+ 30. Kxg2 Nc3 31. Nxc3 Bxc3 1/2-1/2

[Event "Bodensee op Seniors"]
[Site "Bregenz"]
[Date "2016.05.08"]
[Round "9"]
[White "Vilerte, Tamara"]
[Black "Jackson, Oliver A"]
[Result "1/2-1/2"]
[WhiteElo "2063"]
[BlackElo "2064"]
[PlyCount "127"]
[EventDate "2016.04.30"]
[EventType "swiss"]
[EventRounds "9"]
[EventCountry "AUT"]
[SourceTitle "CBM 172 Extra"]
[Source "ChessBase"]
[SourceDate "2016.06.21"]
[SourceVersion "1"]
[SourceVersionDate "2016.06.21"]
[SourceQuality "1"]

1. Nf3 d6 2. d4 Bg4 3. Nbd2 Nf6 4. h3 Bh5 5. g4 Bg6 6. Nh4 Nc6 7. c3 e5 8. Nxg6 hxg6 9. Bg2 Qd7 10. Nb3 Be7 11. d5 Nb8 12. e4 a5 13. a4 Na6 14. Qe2 Nc5 15. Nxc5 dxc5 16. Bd2 Nh7 17. b3 g5 18. Kd1 Nf8 19. Kc2 Ng6 20. Rhd1 Ra6 21. Qd3 0-0 22. Bf1 Raa8 23. Be3 Qc8 24. Qd2 f6 25. Qd3 Rd8 26. Qc4 Bd6 27. Bxc5 Nf4 28. Be3 g6 29. Rd2 Kg7 30. f3 Rh8 31. Bxf4 exf4 32. Qd3 Be5 33. Ra2 Rd8 34. Kb1 c6 35. Rac2 b5 36. axb5 cxb5 37. Qxb5 a4 38. b4 a3 39. Qc4 Qd7 40. Qb3 Rdc8 41. Ka2 Qa7 42. Rd1 Rab8 43. c4 Bd6 44. b5 Qc5 45. Rb1 Rb6 46. Qd3 Ra8 47. Qb3 Be5 48. Qb4 Bd6 49. Qxc5 Bxc5 50. Rb3 Kf7 51. Rcc3 Ke7 52. Rxa3 Rbb8 53. Rxa8 Rxa8+ 54. Kb3 Kd6 55. Bd3 Ke5 56. Bb1 Rh8 57. Rd3 Kd6 58. Bc2 Rxh3 59. Bd1 f5 60. exf5 gxf5 61. Kc3 fxg4 62. fxg4 Rh2 63. Bf3 Ra2 64. Bd1 1/2-1/2

[Event "Bodensee op Seniors"]
[Site "Bregenz"]
[Date "2016.05.02"]
[Round "3"]
[White "Vilerte, Tamara"]
[Black "Norman, Kenneth I"]
[Result "0-1"]
[WhiteElo "2063"]
[BlackElo "2095"]
[PlyCount "107"]
[EventDate "2016.04.30"]
[EventType "swiss"]
[EventRounds "9"]
[EventCountry "AUT"]
[SourceTitle "CBM 172 Extra"]
[Source "ChessBase"]
[SourceDate "2016.06.21"]
[SourceVersion "1"]
[SourceVersionDate "2016.06.21"]
[SourceQuality "1"]

1. Nf3 Nf6 2. g3 g6 3. Bg2 Bg7 4. 0-0 0-0 5. c4 d6 6. d3 e5 7. Nc3 Nc6 8. Bg5 h6 9. Bxf6 Bxf6 10. Qd2 Bg7 11. e4 Ne7 12. d4 c6 13. dxe5 dxe5 14. Qxd8 Rxd8 15. Rad1 Be6 16. b3 Kf8 17. Rfe1 f6 18. Bf1 b6 19. h4 h5 20. Kg2 Bh6 21. Rxd8+ Rxd8 22. Rd1 Ke8 23. Be2 Nc8 24. Rxd8+ Kxd8 25. Bd3 Nd6 26. Kf1 Nb7 27. Ke1 Nc5 28. Bc2 a5 29. Nd2 Bf7 30. Ke2 Kc7 31. Nf1 Ne6 32. Bd3 Nd4+ 33. Kd1 Be6 34. Be2 Kd6 35. Nd2 Nxe2 36. Kxe2 Bg4+ 37. Kd3 Bd7 38. Kc2 b5 39. Kd3 Bxd2 40. Kxd2 bxc4 41. bxc4 Kc5 42. Kd3 Bh3 43. Na4+ Kb4 44. Nb6 Bf1+ 45. Kc2 Bxc4 46. a3+ Kc5 47. Nd7+ Kd4 48. Nxf6 Bd3+ 49. Kb3 c5 50. f3 c4+ 51. Kb2 Ke3 52. Nd7 Kd2 53. Nc5 c3+ 54. Ka1 0-1

[Event "Bodensee op Seniors"]
[Site "Bregenz"]
[Date "2015.05.14"]
[Round "6"]
[White "Bauder, Herbert"]
[Black "Vilerte, Tamara"]
[Result "0-1"]
[WhiteElo "1932"]
[BlackElo "2052"]
[PlyCount "72"]
[EventDate "2015.05.09"]
[EventType "swiss"]
[EventRounds "9"]
[EventCountry "AUT"]
[SourceTitle "CBM 166 Extra"]
[Source "ChessBase"]
[SourceDate "2015.06.18"]
[SourceVersion "1"]
[SourceVersionDate "2015.06.18"]
[SourceQuality "1"]

1. d4 Nf6 2. Nf3 c5 3. d5 d6 4. c4 e6 5. Nc3 exd5 6. cxd5 g6 7. Nd2 a6 8. a4 Nbd7 9. e4 Bg7 10. Be2 0-0 11. Nc4 Nb6 12. Nxb6 Qxb6 13. 0-0 Re8 14. a5 Qc7 15. Bf3 Nd7 16. Bd2 b5 17. axb6 Nxb6 18. Qc2 Bd7 19. b3 Bb5 20. Rfe1 Qd7 21. Ra5 Rab8 22. Be2 Na8 23. Bc4 Nc7 24. Ra2 Rb7 25. Na4 Qe7 26. Nc3 Bxc4 27. bxc4 Bd4 28. Be3 Qe5 29. Bxd4 Qxd4 30. Nb1 Reb8 31. h3 Rb2 32. Rxb2 Rxb2 33. Qxb2 Qxb2 34. e5 dxe5 35. d6 Ne6 36. Rd1 Kf8 0-1

[Event "WchT Seniors 50"]
[Site "Vilnius"]
[Date "2014.07.21"]
[Round "9.2"]
[White "Cox, John J"]
[Black "Vilerte, Tamara"]
[Result "1/2-1/2"]
[WhiteElo "2392"]
[BlackElo "2085"]
[PlyCount "55"]
[EventDate "2014.07.13"]
[EventType "team-swiss"]
[EventRounds "9"]
[EventCountry "LTU"]
[SourceTitle "CBM 161 Extra"]
[Source "ChessBase"]
[SourceDate "2014.08.29"]
[SourceVersion "1"]
[SourceVersionDate "2014.08.29"]
[SourceQuality "1"]
[WhiteTeam "England"]
[BlackTeam "Latvia (W)"]
[WhiteTeamCountry "ENG"]
[BlackTeamCountry "LAT"]

1. c4 c5 2. g3 g6 3. Bg2 Bg7 4. Nc3 Nc6 5. b3 d6 6. Bb2 e5 7. e3 Nge7 8. Nge2 0-0 9. 0-0 a6 10. d3 Rb8 11. Qd2 Be6 12. Nd5 h6 13. Rfe1 b5 14. Nxe7+ Nxe7 15. cxb5 axb5 16. d4 Qb6 17. d5 Bg4 18. b4 c4 19. h3 Bd7 20. Kh2 Kh7 21. Bc3 Ra8 22. Rf1 Ra4 23. Rae1 Qb8 24. Be4 Qa8 25. Nc1 Bf5 26. Bxf5 Nxf5 27. Rd1 Qb7 28. Qc2 1/2-1/2

[Event "WchT Seniors 50"]
[Site "Vilnius"]
[Date "2014.07.19"]
[Round "7.2"]
[White "Vilerte, Tamara"]
[Black "Saunina, Ludmila"]
[Result "1/2-1/2"]
[WhiteElo "2085"]
[BlackElo "2186"]
[PlyCount "103"]
[EventDate "2014.07.13"]
[EventType "team-swiss"]
[EventRounds "9"]
[EventCountry "LTU"]
[SourceTitle "CBM 161 Extra"]
[Source "ChessBase"]
[SourceDate "2014.08.29"]
[SourceVersion "1"]
[SourceVersionDate "2014.08.29"]
[SourceQuality "1"]
[WhiteTeam "Latvia (W)"]
[BlackTeam "Russia (W)"]
[WhiteTeamCountry "LAT"]
[BlackTeamCountry "RUS"]

1. Nf3 Nf6 2. g3 d5 3. Bg2 c5 4. c4 d4 5. d3 Nc6 6. 0-0 e5 7. Na3 Be7 8. e3 0-0 9. exd4 exd4 10. Nc2 Bf5 11. a3 a5 12. Rb1 Qd7 13. Bg5 h6 14. Bxf6 Bxf6 15. Qd2 Be7 16. Rfe1 Rfe8 17. Ne5 Nxe5 18. Rxe5 Bd6 19. Rxe8+ Rxe8 20. Re1 b6 21. Rxe8+ Qxe8 22. f4 Qe7 23. Kf2 g5 24. fxg5 hxg5 25. Qe2 Qf6 26. Kg1 g4 27. Ne1 Qe5 28. Qxe5 Bxe5 29. Kf2 Kg7 30. Bc6 Kf6 31. Ke2 Kg5 32. a4 Bc8 33. Kf2 Be6 34. Ng2 f5 35. Ke2 f4 36. gxf4+ Bxf4 37. Nxf4 Kxf4 38. Bg2 Bd7 39. b3 Bf5 40. Bd5 Kg5 41. Bg2 Kh4 42. Kd2 Bg6 43. Ke2 Bh5 44. Kd2 Kg5 45. Bd5 Kf4 46. Bc6 Kg5 47. Bd5 Kh4 48. Bg2 g3 49. hxg3+ Kxg3 50. Be4 Bf3 51. Bg6 Kf2 52. Bf5 1/2-1/2

[Event "WchT Seniors 50"]
[Site "Vilnius"]
[Date "2014.07.14"]
[Round "2.7"]
[White "Baliuniene, Margarita"]
[Black "Vilerte, Tamara"]
[Result "1/2-1/2"]
[WhiteElo "1966"]
[BlackElo "2085"]
[PlyCount "90"]
[EventDate "2014.07.13"]
[EventType "team-swiss"]
[EventRounds "9"]
[EventCountry "LTU"]
[SourceTitle "CBM 161 Extra"]
[Source "ChessBase"]
[SourceDate "2014.08.29"]
[SourceVersion "1"]
[SourceVersionDate "2014.08.29"]
[SourceQuality "1"]
[WhiteTeam "Denmark"]
[BlackTeam "Latvia (W)"]
[WhiteTeamCountry "DEN"]
[BlackTeamCountry "LAT"]

1. d4 e6 2. c4 Bb4+ 3. Nc3 Nf6 4. Qc2 c6 5. a3 Bxc3+ 6. Qxc3 d5 7. e3 Ne4 8. Qc2 Nd7 9. Nf3 0-0 10. Bd3 f5 11. 0-0 h6 12. b4 Nd6 13. c5 Nf7 14. Bb2 Nf6 15. a4 Bd7 16. b5 g5 17. Qe2 Qe7 18. a5 cxb5 19. Bxb5 Bxb5 20. Qxb5 a6 21. Qd3 Rfc8 22. Rfc1 Nd7 23. Ne1 Nd8 24. f3 Nc6 25. e4 Qf7 26. exd5 exd5 27. Nc2 f4 28. Bc3 Re8 29. Rab1 Rab8 30. Re1 Re6 31. Rxe6 Qxe6 32. Re1 Qf7 33. Qe2 Nf6 34. Qe6 Qxe6 35. Rxe6 Kf7 36. Re1 Re8 37. Rb1 Re7 38. Kf2 Rc7 39. g3 fxg3+ 40. hxg3 g4 41. Bd2 gxf3 42. Kxf3 Kg6 43. Rh1 h5 44. Rd1 Rf7 45. Be1 Ng4+ 1/2-1/2

[Event "Bad Ragaz op 8th"]
[Site "Bad Ragaz"]
[Date "2013.04.01"]
[Round "7"]
[White "Vilerte, Tamara"]
[Black "Migliorini, Matteo"]
[Result "1/2-1/2"]
[WhiteElo "2158"]
[BlackElo "1987"]
[PlyCount "88"]
[EventDate "2013.03.28"]
[EventType "swiss"]
[EventRounds "7"]
[EventCountry "SUI"]
[SourceTitle "CBM 153 Extra"]
[Source "ChessBase"]
[SourceDate "2013.04.22"]
[SourceVersion "1"]
[SourceVersionDate "2013.04.22"]
[SourceQuality "1"]

1. d4 Nf6 2. c4 g6 3. Nc3 d5 4. cxd5 Nxd5 5. e4 Nxc3 6. bxc3 Bg7 7. Nf3 0-0 8. Be2 c5 9. 0-0 Nc6 10. Be3 Qa5 11. Qb3 Rd8 12. Rad1 Qc7 13. Ng5 e5 14. d5 Na5 15. Qa3 h6 16. Nxf7 Kxf7 17. d6 Rxd6 18. Rxd6 Qxd6 19. Qxa5 b6 20. Bc4+ Be6 21. Bxe6+ Qxe6 22. Qa6 Qd7 23. a4 Rc8 24. c4 Rc6 25. a5 Rd6 26. axb6 axb6 27. Qa8 Qe6 28. Qa4 Kg8 29. h3 Kh7 30. Ra1 h5 31. Qb5 Qd7 32. Qxd7 Rxd7 33. Ra6 Rb7 34. Kf1 Bh6 35. Ke2 Bxe3 36. Kxe3 Kg7 37. f4 Kf6 38. Ra8 exf4+ 39. Kxf4 g5+ 40. Ke3 b5 41. cxb5 Rxb5 42. Rf8+ Ke6 43. Rh8 Rb3+ 44. Kd2 h4 1/2-1/2

[Event "Moscow Gaprindashvili Jubilee"]
[Site "Moscow"]
[Date "2011.10.07"]
[Round "8"]
[White "Gaprindashvili, Nona"]
[Black "Vilerte, Tamara"]
[Result "0-1"]
[WhiteElo "2360"]
[BlackElo "2155"]
[PlyCount "73"]
[EventDate "2011.10.05"]
[EventType "tourn (rapid)"]
[EventRounds "9"]
[EventCountry "RUS"]
[EventCategory "1"]
[SourceTitle "CBM 144 Extra"]
[Source "ChessBase"]
[SourceDate "2011.10.28"]
[SourceVersion "1"]
[SourceVersionDate "2011.10.28"]
[SourceQuality "1"]

1. d4 d5 2. c4 e6 3. Nc3 Nf6 4. Nf3 Nbd7 5. Bg5 c6 6. e3 Qa5 7. Bxf6 Nxf6 8. Bd3 Ne4 9. Qb3 Bd6 10. 0-0 f5 11. c5 Be7 12. Bxe4 fxe4 13. Ne5 0-0 14. f4 exf3 15. Rxf3 Rxf3 16. gxf3 Qc7 17. Kh1 Bxc5 18. Rg1 Bd6 19. f4 Bd7 20. Qd1 Be8 21. Qg4 Qe7 22. Nf3 Bg6 23. h4 Rf8 24. h5 Bf5 25. Qg3 Rf6 26. Rg2 Rh6 27. Rh2 Qe8 28. Qh4 Be7 29. Ng5 Bg6 30. Qg3 Bxg5 31. fxg5 Rxh5 32. Ne2 Rxh2+ 33. Kxh2 Be4 34. Nf4 Bf5 35. Kg2 Qf7 36. Kf2 Qc7 37. Ne2 0-1

[Event "Liechtenstein op Seniors 10th"]
[Site "Triesen"]
[Date "2010.05.09"]
[Round "3"]
[White "Vilerte, Tamara"]
[Black "Isler, Peter"]
[Result "1/2-1/2"]
[WhiteElo "2224"]
[BlackElo "1991"]
[PlyCount "73"]
[EventDate "2010.05.07"]
[EventType "swiss"]
[EventRounds "9"]
[EventCountry "LIE"]
[SourceTitle "CBM 136 Extra"]
[Source "ChessBase"]
[SourceDate "2010.07.02"]
[SourceVersion "2"]
[SourceVersionDate "2010.07.15"]
[SourceQuality "1"]

1. d4 Nf6 2. Nf3 g6 3. c4 Bg7 4. Nc3 c5 5. d5 0-0 6. e4 d6 7. Be2 a6 8. a4 e5 9. dxe6 Bxe6 10. 0-0 Nc6 11. Bf4 Ne8 12. Qc2 Bg4 13. Nd5 Bxf3 14. Bxf3 Nd4 15. Qd3 Nc7 16. Nxc7 Qxc7 17. Rab1 a5 18. b3 Qe7 19. g3 Rae8 20. Bg2 Rd8 21. Bd2 b6 22. Rbe1 Qe5 23. f4 Qe7 24. h3 Rfe8 25. Kh2 Rf8 26. Rf2 Ne6 27. h4 Nd4 28. Ref1 f5 29. exf5 Nxf5 30. Re2 Qf6 31. Rfe1 Kh8 32. Bd5 Nd4 33. Re7 Nf5 34. R7e4 Nd4 35. Be3 Nf3+ 36. Kh3 Nxe1 37. Qe2 1/2-1/2

[Event "Liechtenstein op 27th"]
[Site "Triesen"]
[Date "2009.05.23"]
[Round "9"]
[White "Vilerte, Tamara"]
[Black "Frick, Renato"]
[Result "1-0"]
[WhiteElo "2238"]
[BlackElo "2103"]
[PlyCount "73"]
[EventDate "2009.05.15"]
[EventType "swiss"]
[EventRounds "9"]
[EventCountry "LIE"]
[SourceTitle "CBM 130 Extra"]
[Source "ChessBase"]
[SourceDate "2009.07.02"]
[SourceVersion "2"]
[SourceVersionDate "2009.07.15"]
[SourceQuality "1"]

1. d4 e6 2. c4 Bb4+ 3. Bd2 Qe7 4. Nf3 Nf6 5. e3 0-0 6. Be2 a5 7. 0-0 Ne4 8. Qc2 f5 9. a3 Bxd2 10. Nbxd2 Nxd2 11. Qxd2 d6 12. b4 b6 13. Qc3 Nd7 14. Nd2 Bb7 15. Bf3 Bxf3 16. Nxf3 Nf6 17. Nd2 Ra7 18. b5 Rc8 19. Qd3 g6 20. Rac1 e5 21. c5 dxc5 22. Qc4+ Kg7 23. dxc5 Rd8 24. Nf3 Nd7 25. cxb6 Nxb6 26. Qc3 Rd5 27. Qb2 a4 28. Rfd1 Nc4 29. Qc3 Rxd1+ 30. Rxd1 Nxa3 31. Nxe5 Nxb5 32. Qb2 a3 33. Qxb5 a2 34. Qb2 Kh6 35. f4 Qe6 36. Ra1 Qb6 37. Nf7+ 1-0

[Event "Liechtenstein op 27th"]
[Site "Triesen"]
[Date "2009.05.21"]
[Round "7"]
[White "Vilerte, Tamara"]
[Black "Neuberger, Guido"]
[Result "0-1"]
[WhiteElo "2238"]
[BlackElo "2165"]
[PlyCount "70"]
[EventDate "2009.05.15"]
[EventType "swiss"]
[EventRounds "9"]
[EventCountry "LIE"]
[SourceTitle "CBM 130 Extra"]
[Source "ChessBase"]
[SourceDate "2009.07.02"]
[SourceVersion "2"]
[SourceVersionDate "2009.07.15"]
[SourceQuality "1"]

1. d4 d5 2. c4 Bf5 3. Nc3 e6 4. Qb3 Nc6 5. cxd5 exd5 6. e4 dxe4 7. d5 Nb4 8. a3 Nd3+ 9. Bxd3 exd3 10. Qxb7 Bd6 11. Nf3 Nf6 12. Qc6+ Nd7 13. 0-0 0-0 14. Qc4 Re8 15. Bf4 Nb6 16. Qd4 Bxf4 17. Qxf4 Bg6 18. Qd4 Qd6 19. Nh4 c5 20. Qg4 Nxd5 21. Nxg6 Nxc3 22. bxc3 hxg6 23. Rfd1 d2 24. Qc4 Rad8 25. f4 Re3 26. Rab1 Qe7 27. Qf1 Rxc3 28. Rb2 Rcd3 29. Qf2 Qd6 30. Rc2 Rd4 31. f5 g5 32. Qe3 g4 33. Rc3 c4 34. Qg3 Rf4 35. h3 f6 0-1

[Event "Liechtenstein op 27th"]
[Site "Triesen"]
[Date "2009.05.18"]
[Round "4"]
[White "Vilerte, Tamara"]
[Black "Bogner, Norbert"]
[Result "1-0"]
[WhiteElo "2238"]
[BlackElo "2082"]
[PlyCount "83"]
[EventDate "2009.05.15"]
[EventType "swiss"]
[EventRounds "9"]
[EventCountry "LIE"]
[SourceTitle "CBM 130 Extra"]
[Source "ChessBase"]
[SourceDate "2009.07.02"]
[SourceVersion "2"]
[SourceVersionDate "2009.07.15"]
[SourceQuality "1"]

1. d4 d5 2. Nf3 e6 3. Bf4 Nf6 4. e3 Bd6 5. c3 0-0 6. Bd3 b6 7. Qe2 Bb7 8. Bg5 Nbd7 9. Nbd2 Be7 10. Bxf6 Nxf6 11. Ne5 c5 12. 0-0 Qc7 13. Rad1 Rfd8 14. f4 g6 15. Qf3 Bf8 16. g4 Bg7 17. Rf2 Nd7 18. g5 Nf8 19. Qg4 Bc8 20. Ndf3 c4 21. Bc2 b5 22. e4 dxe4 23. Bxe4 Bb7 24. Nd2 Bxe4 25. Nxe4 Nd7 26. Re1 Re8 27. Nxd7 Qxd7 28. Nf6+ Bxf6 29. gxf6 Qd8 30. Qg5 Rb8 31. Re5 a6 32. f5 exf5 33. Rxe8+ Qxe8 34. Rxf5 Qf8 35. Re5 Qd6 36. Qf4 Rf8 37. h4 h6 38. h5 b4 39. cxb4 Rd8 40. Re8+ Kh7 41. hxg6+ Kxg6 42. Qg4+ 1-0

[Event "Liechtenstein op 27th"]
[Site "Triesen"]
[Date "2009.05.16"]
[Round "2"]
[White "Vilerte, Tamara"]
[Black "Diller, Peter"]
[Result "1-0"]
[WhiteElo "2238"]
[BlackElo "1864"]
[PlyCount "61"]
[EventDate "2009.05.15"]
[EventType "swiss"]
[EventRounds "9"]
[EventCountry "LIE"]
[SourceTitle "CBM 130 Extra"]
[Source "ChessBase"]
[SourceDate "2009.07.02"]
[SourceVersion "2"]
[SourceVersionDate "2009.07.15"]
[SourceQuality "1"]

1. d4 e6 2. c4 f5 3. Nc3 Nf6 4. Bg5 Bb4 5. Qc2 h6 6. Bxf6 Qxf6 7. Nf3 d6 8. 0-0-0 0-0 9. e3 c6 10. h4 Nd7 11. Be2 a6 12. Rhg1 Rf7 13. g4 Bxc3 14. Qxc3 fxg4 15. Rxg4 Nf8 16. Rg2 b5 17. c5 d5 18. Ne5 Rc7 19. h5 Kh8 20. Rdg1 Nh7 21. f4 Bd7 22. Rg6 Qe7 23. Rxh6 Be8 24. Rhg6 Qh4 25. Bf3 Raa7 26. Qc2 Nf8 27. R6g5 Nh7 28. Rh1 Qxh1+ 29. Bxh1 Nxg5 30. fxg5 Bxh5 31. Qh2 1-0

[Event "Wch Seniors (Women) 18th"]
[Site "Bad Zwischenahn"]
[Date "2008.10.29"]
[Round "2"]
[White "Vilerte, Tamara"]
[Black "Kuznetsova, Luba"]
[Result "1-0"]
[WhiteElo "2208"]
[BlackElo "2127"]
[PlyCount "41"]
[EventDate "2008.10.28"]
[EventType "swiss"]
[EventRounds "11"]
[EventCountry "GER"]
[SourceTitle "EXT 2009"]
[Source "ChessBase"]
[SourceDate "2008.11.26"]
[SourceVersion "1"]
[SourceVersionDate "2008.11.26"]
[SourceQuality "1"]

1. d4 d5 2. c4 c6 3. Qc2 Nf6 4. Nf3 e6 5. e3 Bd6 6. Bd3 Nbd7 7. g4 dxc4 8. Bxc4 Nxg4 9. Rg1 Qa5+ 10. Bd2 Qh5 11. Be2 f5 12. Nc3 0-0 13. 0-0-0 Nxf2 14. Rdf1 Ng4 15. e4 Nb6 16. h3 Qxh3 17. Ng5 Qh4 18. exf5 exf5 19. Qb3+ Kh8 20. Rxg4 Qh2 21. Nf7+ 1-0

[Event "Liechtenstein op 26th"]
[Site "Triesen"]
[Date "2008.04.25"]
[Round "1"]
[White "Kessler, Luca"]
[Black "Vilerte, Tamara"]
[Result "1/2-1/2"]
[WhiteElo "1928"]
[BlackElo "2234"]
[PlyCount "81"]
[EventDate "2008.04.25"]
[EventType "swiss"]
[EventRounds "9"]
[EventCountry "LIE"]
[SourceTitle "CBM 123 Extra"]
[Source "ChessBase"]
[SourceDate "2008.05.06"]
[SourceVersion "1"]
[SourceVersionDate "2008.05.06"]
[SourceQuality "1"]

1. d4 c5 2. d5 d6 3. c4 e5 4. Nc3 Be7 5. Nf3 Bg4 6. e4 Bxf3 7. Qxf3 Bg5 8. Bxg5 Qxg5 9. g3 Nh6 10. Bg2 0-0 11. 0-0 Na6 12. Qe2 Qe7 13. f4 exf4 14. gxf4 f6 15. Rad1 Nf7 16. Kh1 Nc7 17. Rg1 Kh8 18. Bh3 g6 19. Qf2 Rg8 20. a4 b6 21. Nb5 a6 22. Nxc7 Qxc7 23. Be6 Rg7 24. Qh4 Qe7 25. Rg3 Nd8 26. f5 g5 27. Qh6 Nf7 28. Bxf7 Rxf7 29. Qh3 Qe5 30. b3 b5 31. axb5 axb5 32. cxb5 Rb7 33. Re3 Rxb5 34. Qg3 Rab8 35. Qxe5 fxe5 36. Ra1 R8b7 37. Rg3 h6 38. Ra8+ Rb8 39. Ra7 R5b7 40. Ra6 Rb6 41. Ra7 1/2-1/2